Year Zero Lyrics Ghost - Statistics

General Stats
  • This quiz has been taken 66 times
  • The average score is 153 of 197
Answer Stats
Answer % Correct
Satan,
100%
Satan
100%
A
97%
a
97%
Lucifer
97%
Archangelo
94%
as
94%
As
94%
Beelzebub,
94%
by
94%
He
94%
Satanas,
94%
Year
94%
Zero
94%
Welcome
91%
Asmodeus,
88%
Behemoth,
88%
Belial,
85%
of
82%
Since
82%
that
82%
the
82%
The
82%
time
82%
to
82%
To
82%
(To
82%
dawn
79%
equal
79%
fate
79%
is
79%
man
79%
you
79%
for
76%
lice
76%
now
76%
Now
76%
words
76%
and
73%
daughter
73%
fall
73%
Hell
73%
in
73%
son
73%
ancient
70%
down
70%
parasites
70%
say
70%
will
70%
burn
67%
eyes
67%
learn
67%
moving
67%
serpent
67%
without
67%
Count
64%
deceiver
64%
God
64%
one
64%
together
64%
day
61%
Kingdoms
61%
nations
61%
temptations
61%
when
61%
awe
58%
awe)
58%
queens
58%
reckoning
58%
Victim
58%
behold
55%
kings
55%
Lord
55%
masses
55%
penance
55%
standing
55%
Above
52%
ascend
52%
faith
52%
heavens
52%
recognize
52%
stars
52%
their
52%
comforting
48%
Crestfallen
48%
tremble
48%
new
42%
them
42%
wraith
42%
presence
39%
rises
39%
shalt
39%
Unbeknownst
39%
No matching quizzes found
Score Distribution
Percent of People with Each Score
Percentile by Number Answered
Your Score History
You have not taken this quiz